LEADER 01302nam a2200229 i 4500 001 000000000697 003 CaOOAMICUS 005 20190308123113.0 008 180830s1968 it u000 u ita u 040 $aSeMil$bita 245 10$aDe doctrina Ioannis Duns Scoti :$bActa Congressus Scotistici Internationalis, Oxonii et Edimburgi 11-17 sept. 1966 celebrati. 260 $aRoma :$b[s.n.],$c1968$e(Ercolano (NA) :$fPoligrafica & Cartevalori,$g1968) 300 $a4 v. ;$c24 cm. 650 4$aDuns Scoto, Giovanni <1265-1308> - Atti di congressi.$0(OLS)http://semarc/subject/48208 773 0 $tStudia scholastico-scotistica.$dRoma : [s.n.], 1968.$w()29053 774 0 $tDocumenta et studia in Duns Scotum introductoria.$kStudia scholastico-scotistica$gVol.1$w()65505 774 0 $tProblemata theologica.$kStudia scholastico-scotistica$gVol.3$w()65533 774 0 $tScotismus decursu saeculorum.$kStudia scholastico-scotistica$gVol.4$w()65534 774 0 $tProblemata philosophica.$kStudia scholastico-scotistica$gVol.2$w()224607 996 $6245$aDe doctrina Ioannis Duns Scoti :$bActa Congressus Scotistici Internationalis, Oxonii et Edimburgi 11-17 sept. 1966 celebrati$9(OLS)http://semarc/title/1021 996 $6260$aRoma :$b[s.n.]$9(OLS)http://semarc/publisher/29738 LEADER 00954nam a2200217 i 4500 001 000000201303 003 CaOOAMICUS 005 20120221000000.0 008 120221s1890 it u000 u mul u 013 $a180004 040 $aSeMil$bita 100 0 $aHomerus,$d.$0(OLS)http://semarc/name/1139 245 10$aIliadis 1.-12. 300 $aXXIII, 249 p. 490 0 $aBibliotheca scriptorum graecorum et romanorum Teubneriana 773 0 $aHomerus $tHomeri Ilias.$bEditio quinta correctior.$dLipsiae : In aedibus B. G. Teubneri, 1890.$kBibliotheca scriptorum graecorum et romanorum Teubneriana$gPars1$w()26189 830 0$aBibliotheca scriptorum graecorum et romanorum Teubneriana.$0(OLS)http://semarc/title/35285 850 $aSeMil 852 $aSeMil$W1$xVenegono$y1$m1X II 123/1 FA$j151829$B151829$CSeMilBibl$Z2$F172798 $8I 961 $aOmaggio: Stoppani Pietro 996 $6245$aIliadis 1.-12$9(OLS)http://semarc/title/291284